000 00857cam a2200241 4500
001 ABS62616
008 000000n2000 000 0 eng u
035 _a(Sirsi) u107284
100 _aMoor, N.
245 _aBreaking the land bank
260 _c2000
490 _aBuilding Homes
_v(07) July 2000, 12-13(2)
520 _aConsiders the effect of PPG3 on strategic land acquisition. The new guidance introduces two main changes: the notification to the SoS of any scheme on greenfield land exceeding 5 hectares, and secondly, the possibility of the non-renewal of outstanding planning permissions.
590 _aABS
650 _aPPG3
650 _aPLANNING POLICY GUIDANCE
650 _aLAND BANKS
650 _aLAND ACQUISITION
650 _aPLANNING PERMISSION
650 _aHOUSE BUILDERS
690 _aHOUSING-DEVELOPMENT
942 _n0
999 _c64145
_d64145